| 000 | 00673nam a2200229 a 4500 | ||
|---|---|---|---|
| 999 |
_c10093 _d10093 |
||
| 001 | 10093 | ||
| 003 | BD-JhCC | ||
| 005 | 20180417114518.0 | ||
| 008 | 171019s1992 bg a|||| ||a| 000 0 ben d | ||
| 020 | _a9844654394 | ||
| 035 | _a(BD-JhCC) 10093 | ||
| 040 |
_aBD-JhCC _dBD-JhCC |
||
| 041 | _aben | ||
| 082 |
_a954.92 _bMOM 1992 |
||
| 100 | _aমোমেন, আবুল | ||
| 245 |
_aবাংলা ও বাঙালির কথা / _cআবুল মোমেন |
||
| 260 |
_aঢাকা : _bসাহিত্য প্রকাশ, _c1992. |
||
| 300 |
_a120 p. : _bill, _c28 cm |
||
| 650 | _aBangladesh | ||
| 942 |
_2ddc _cBK |
||